2019 Springboks World Cup Squad - Statistics

General Stats
  • This quiz has been taken 83 times
  • The average score is 18 of 31
Answer Stats
Position Club Caps Player % Correct
Loose Forward (C) Stormers 43 Siya Kolisi
91%
Lock Stormers 79 Eben Etzebeth
85%
Scrum-Half Sale Sharks 25 Faf de Klerk
83%
Fly-Half Bulls 42 Handré Pollard
82%
Hooker Lions 27 Malcolm Marx
80%
Outside Back Toulouse 10 Cheslin Kolbe
79%
Hooker Stormers 30 Bongi Mbonambi
74%
Loose Forward Stormers 50 Pieter-Steph du Toit
74%
Center Stormers 40 Damian de Allende
70%
Center Bulls 45 Jesse Kriel
68%
Prop Stormers 40 Steven Kitshoff
67%
Outside Back Sharks 8 Makazole Mapimpi
65%
Prop Stormers 32 Frans Malherbe
64%
Center Sharks 9 Lukhanyo Am
64%
Outside Back Toyota Verblitz 56 Willie le Roux
62%
Lock Bulls 40 Lood de Jager
61%
Lock Gloucester 32 Franco Mostert
59%
Loose Forward Bulls 49 Duane Vermuelen
58%
Lock Bulls 16 RG Snyman
55%
Scrum-Half Northampton Saints 12 Cobus Reinach
52%
Prop Saracens 15 Vincent Koch
52%
Scrum-Half Stormers 4 Herschel Jantjies
50%
Prop Sharks 111 Tendai Mtawarira
50%
Fly-Half Lions 35 Elton Jantjies
48%
Loose Forward Lions 4 Kwagga Smith
41%
Prop Bulls 41 Trevor Nyakane
35%
Center Montpellier 61 François Steyn
29%
Loose Forward Bath 69 Francois Louw
24%
Outside Back Sharks 8 Sbu Nkosi
23%
Hooker Bulls 13 Schalk Brits
23%
Outside Back Bulls 7 Warrick Gelant
14%
No matching quizzes found
Score Distribution
Percent of People with Each Score
Percentile by Number Answered
Your Score History
You have not taken this quiz